Statistics for Holy - Justin Bieber ft. Chance the Rapper (All Lyrics)

Click here to take the quiz!

General Stats

  • This quiz has been taken 154 times
  • The average score is 337 of 490

Answer Stats

Holy% Correct
holy
97%
Verse 1 | Verse 2I
97%
The
95%
the
95%
a
94%
so
92%
you
92%
go
91%
me
91%
to
90%
do
88%
hold
88%
way
88%
God
87%
be
86%
don't
86%
Don't
86%
we
85%
Feels
84%
Cause
83%
can
82%
in
81%
Can't
80%
can't
80%
He
80%
ChorusThat
80%
that
80%
hear
78%
it
78%
like
77%
Runnin'
77%
say
75%
star
75%
And
74%
and
74%
think
74%
When
74%
when
74%
I'll
73%
track
73%
about
71%
on
71%
On
71%
wait
70%
with
70%
Yeah
70%
lot
69%
well
69%
But
68%
Might
68%
might
68%
second
68%
another
67%
down
67%
drama
67%
No
66%
no
66%
river
66%
sinners
66%
BridgeThey
66%
they
66%
believe
65%
it's
65%
up
65%
makin'
64%
I'm
63%
too
63%
sky
62%
is
61%
saint
61%
we're
61%
know
59%
opens
59%
fake
56%
stand
56%
being
55%
Father
55%
touch
55%
young
55%
love
54%
night
53%
men
52%
my
52%
altar
51%
life
51%
Life
51%
first
50%
nirvana
50%
take
50%
pimps
49%
players
49%
water
48%
explain
47%
rush
47%
hardest
46%
heart
46%
Wise
45%
crushin'
44%
of
44%
believer
43%
come
43%
fools
43%
Baby
42%
out
42%
pleases
41%
gave
39%
Messi
39%
your
39%
see
38%
step
35%
how
34%
get
32%
Joe
31%
Lionel
31%
fleshy
30%
lefty
30%
us
29%
short
28%
temper
28%
Cross
27%
honor
27%
wanna
24%
always
23%
name
23%
catchy
22%
make
22%
sing
22%
Pesci
21%
jet
20%
Jet
20%
believes
19%
praises
19%
best
18%
got
18%
Tween
18%
father's
17%
Father's
17%
proud
17%
Proud
17%
Ski
16%
son
16%
trip
16%
Let's
15%
messy
15%
child
14%
leavin'
14%
ain't
12%
hit
12%
now
12%
goin'
11%
If
11%
made
10%
next
10%
or
10%
Oscar
10%
Parlay
10%
speed
10%
trust
10%
weed
10%
week
10%
clean
9%
gotta
9%
communion
8%
Desi
8%
Hesi
8%
snack
8%
spots
8%
steps
8%
takes
8%
Vespas
8%
clouds
7%
part
7%
rent
7%
union
7%
bride's
6%
Formalize
6%
groom
6%
Suffer
5%
He'll
3%

Score Distribution

Percentile by Number Answered

Percent of People with Each Score

Your Score History

You have not taken this quiz